Guía ilustrada para comprender los implantes dentales: implantes con forma de raíces (Registro nro. 533)
[ vista simple ]
| 000 -CABECERA | |
|---|---|
| campo de control de longitud fija | 00512aam a2200181 4500 |
| 005 - FECHA Y HORA DE ACTUALIZACIÓN | |
| campo de control | 20160905145148.0 |
| 008 - LONGITUD FIJA | |
| campo de control de longitud fija | 150806b xxu||||| |||| 00| 0 spa d |
| 041 ## - IDIOMA | |
| Código de idioma del texto/pista de sonido o título separado | |
| 082 ## - CLASIFICACIÓN DECIMAL DEWEY | |
| Número de clasificación | 617.692 G211g |
| 100 ## - AUTOR PERSONAL | |
| Nombre de persona | Ganz, Scott |
| 245 ## - TÍTULO PROPIAMENTE DICHO | |
| Título | Guía ilustrada para comprender los implantes dentales: implantes con forma de raíces |
| 260 ## - PIE DE IMPRENTA | |
| Lugar de publicación, distribución, etc. | Estados Unidos |
| 260 ## - PIE DE IMPRENTA | |
| Nombre del editor, distribuidor, etc. | Taylor Publishing Company |
| 260 ## - PIE DE IMPRENTA | |
| Fecha de publicación, distribución, etc. | 1993 |
| 300 ## - DESCRIPCIÓN FÍSICA | |
| Extensión | 59 páginas |
| 650 ## - Materia General | |
| Materia general | IMPLANTES DENTARIOS |
| 942 ## - Punto de Acceso Adicional Koha | |
| Tipo de ítem Koha | Libro |
| Estado perdido | Estado dañado | No para préstamo | Biblioteca permanente | Biblioteca actual | Signatura completa | Código de barras | Precio efectivo a partir del | Tipo de ítem |
|---|---|---|---|---|---|---|---|---|
| Departamento de Biblioteca y Documentación Alfonso Chase Brenes | Departamento de Biblioteca y Documentación Alfonso Chase Brenes | 617.692 G211g | 1185 | 05/09/2016 | Libro |